00744nam a2200241 a 4500001001300000003000900013005001700022008004100039020002300080082001700103100002300120245004900143260004500192300000900237500003500246505002400281650002400305700002300329902000800352942000700360952011800367999001700485nice12345678IN_TiNIC20260116013327.0050524s1993 dela grp 000 0 eng  a8185574 c20000a230.046bKOC aKochuthara, Thomas aTheology of Liberation and Ideology Critique aDelhibIntercultural Publications c1993 a283p aincludes index and biblioraphy2 aBibliography, Index aLiberation-Theology1 aKochuthara, Thomas bSRS cBK 001040708StackRoom-aHMIbHMId2011-08-12g200.00l0o230.046 KOCp018305r2011-08-12v200.00w2005-05-24yBK c10572d10572